सरदार वल्लभभाई पटेल: (Record no. 208636)
[ view plain ]
| 000 -LEADER | |
|---|---|
| fixed length control field | 00942nam a22001937a 4500 |
| 005 - DATE AND TIME OF LATEST TRANSACTION | |
| control field | 20250121114751.0 |
| 010 ## - LCCN (DPL NO) | |
| LC control number | HIN-129305 |
| 020 ## - INTERNATIONAL STANDARD BOOK NUMBER | |
| International Standard Book Number | 9789395911108 |
| Terms of availability | 425.00 |
| 035 ## - SYSTEM CONTROL NUMBER | |
| System control number | HN-101651 |
| 037 ## - SOURCE OF ACQUISITION | |
| Source of stock number/acquisition | DBAD |
| 082 ## - DEWEY DECIMAL CLASSIFICATION NUMBER | |
| Classification number | 921 |
| 100 ## - MAIN ENTRY--PERSONAL NAME | |
| Personal name | त्रिपाठी, श्रीप्रकाश मणि |
| 245 ## - TITLE STATEMENT | |
| Title | सरदार वल्लभभाई पटेल: |
| Statement of responsibility, etc | व्यक्तित्व एवं कृतित्व/ |
| Remainder of title | श्रीप्रकाश मणि त्रिपाठी |
| 250 ## - EDITION STATEMENT | |
| Edition statement | प्रथम |
| 260 ## - PUBLICATION, DISTRIBUTION, ETC. (IMPRINT) | |
| Place of publication, distribution, etc | दिल्ली |
| Name of publisher, distributor, etc | अंकित पब्लिकेशन्स |
| Date of publication, distribution, etc | 2023 |
| 270 ## - ADDRESS | |
| Address | आर-69, तीसरा तल, माडल टाउन |
| City | दिल्ली |
| Postal code | 110009 |
| Telephone number | 011-23250939 |
| -- | 9811010939 |
| Electronic mail address | ankitpublications@gmaill.com |
| 300 ## - PHYSICAL DESCRIPTION | |
| Extent | 136 पृ. |
| Dimensions | 22 सेमी (सजिल्द ) |
| 942 ## - ADDED ENTRY ELEMENTS (KOHA) | |
| Source of classification or shelving scheme | Dewey Decimal Classification |
| Item type | Hindi Books |
| Classification part | 921 |
| Call number suffix | त्रिपाठी |
| Withdrawn status | Lost status | Not for loan | Collection code | Home library | Current library | Date acquired | Source of acquisition | Cost, normal purchase price | Full call number | Barcode | Copy number | Cost, replacement price | Koha item type |
|---|---|---|---|---|---|---|---|---|---|---|---|---|---|
| Non-fiction | Ashok Vihar | Ashok Vihar | 21/01/2025 | DBAD | 425.00 | 921 त्रिपाठी | HN-101651 | 1 | 425.00 | Hindi Books |
